Normal view
MARC view
- اسرائيل- فلسطين - الظروف السياسية- الصهونية
Entry Topical Term
001 - CONTROL NUMBER
- control field: 40482
003 - CONTROL NUMBER IDENTIFIER
- control field: JO-AjAnu
005 - DATE AND TIME OF LATEST TRANSACTION
- control field: 20230606080726.0
008 - FIXED-LENGTH DATA ELEMENTS
- fixed length control field: 230606|| aca||aabn | a|a d
040 ## - CATALOGING SOURCE
- Original cataloging agency: JO-AjAnu
- Transcribing agency: JO-AjAnu
150 ## - HEADING--TOPICAL TERM
- Topical term or geographic name entry element: اسرائيل- فلسطين - الظروف السياسية- الصهونية
670 ## - SOURCE DATA FOUND
- Source citation: Work cat.: (JO-AjAnu)20751: تاليف عميت، تسفيكى؛ ترجمة عقيلي، بدر, author 40481, انقلاب عسكري في إسرائيل: الاحتمالات والواقع